书目信息 |
| 题名: |
De Morgan代数
|
|
| 作者: | 罗从文 著 | |
| 分册: | ||
| 出版信息: | 北京 北京理工大学出版社 2005.09 |
|
| 页数: | 144页 | |
| 开本: | 20cm | |
| 丛书名: | ||
| 单 册: | ||
| 中图分类: | O153.1 | |
| 科图分类: | ||
| 主题词: | 序--xu--研究 , 格--ge--研究 | |
| 电子资源: | ||
| ISBN: | 7-5640-0582-3 | |
| 000 | 00823nam0 2200241 450 | |
| 001 | 012008955601 | |
| 005 | 20080122153531.43 | |
| 010 | @a7-5640-0582-3@dCNY10.00 | |
| 100 | @a20080122d2005 em y0chiy0120 ea | |
| 101 | 0 | @achi |
| 102 | @aCN@b110000 | |
| 105 | @ay z 000yy | |
| 106 | @ar | |
| 200 | 1 | @aDe Morgan代数@ADe Morgan dai shu@f罗从文著@Fluo cong wen zhu |
| 210 | @a北京@c北京理工大学出版社@d2005.09 | |
| 215 | @a144页@d20cm | |
| 330 | @a本书共分5章,阐述了De Morgan代数的各种构造和表示定理,借助于De Morgan代数的对偶理论,论述了De Morgan代数的同余关系的结构,介绍了伪补De Morgan代数并扼要论述了Kleene-Stone逻辑函数。 | |
| 606 | 0 | @a序@Axu@x研究 |
| 606 | 0 | @a格@Age@x研究 |
| 690 | @aO153.1@v4 | |
| 701 | 0 | @a罗从文@Aluo cong wen@4著 |
| 801 | 0 | @aCN@bQSSK@c20080122 |
| 905 | @b279723-24@dO153.1@eL937@f2 | |
| De Morgan代数/罗从文著.-北京:北京理工大学出版社,2005.09 |
| 144页;20cm |
| ISBN 7-5640-0582-3:CNY10.00 |
| 本书共分5章,阐述了De Morgan代数的各种构造和表示定理,借助于De Morgan代数的对偶理论,论述了De Morgan代数的同余关系的结构,介绍了伪补De Morgan代数并扼要论述了Kleene-Stone逻辑函数。 |
| ● |
| 相关链接 |
|
|
|
正题名:De Morgan代数
索取号:O153.1/L937
 
预约/预借
| 序号 | 登录号 | 条形码 | 馆藏地/架位号 | 状态 | 备注 |
| 1 | 279723 | 202797232 | 自科库401/401自科库 42排2列2层/ [索取号:O153.1/L937] | 在馆 | |
| 2 | 279724 | 202797241 | 自科库401/401自科库 42排2列2层/ [索取号:O153.1/L937] | 在馆 |